Viśva-śāntiko bāṭo. (Record no. 85510)

MARC details
000 -LEADER
fixed length control field 00545cam a22002291 4500
001 - CONTROL NUMBER
control field sa 68014017
003 - CONTROL NUMBER IDENTIFIER
control field DLC
005 - DATE AND TIME OF LATEST TRANSACTION
control field 20260227112628.0
008 - FIXED-LENGTH DATA ELEMENTS--GENERAL INFORMATION
fixed length control field 900123s1964 xx c 000 0 nepo
010 ## - LIBRARY OF CONGRESS CONTROL NUMBER
LC control number sa 68014017
035 ## - SYSTEM CONTROL NUMBER
System control number (OCoLC)20947013
040 ## - CATALOGING SOURCE
Original cataloging agency DLC
Transcribing agency WaU
Modifying agency DLC
042 ## - AUTHENTICATION CODE
Authentication code premarc
050 00 - LIBRARY OF CONGRESS CALL NUMBER
Classification number BJ1185.N4
Item number A3
100 1# - MAIN ENTRY--PERSONAL NAME
Personal name Adhikari, Harihar,
Dates associated with a name 1923-
245 10 - TITLE STATEMENT
Title Viśva-śāntiko bāṭo.
260 ## - PUBLICATION, DISTRIBUTION, ETC.
Date of publication, distribution, etc. [1964?]
300 ## - PHYSICAL DESCRIPTION
Extent 5, 76 p.
Other physical details port.
Dimensions 18 cm.
500 ## - GENERAL NOTE
General note In Nepali.
650 #0 - SUBJECT ADDED ENTRY--TOPICAL TERM
Topical term or geographic name entry element Ethics.
650 #0 - SUBJECT ADDED ENTRY--TOPICAL TERM
Topical term or geographic name entry element Peace.

No items available.

Powered by Koha